| 000 | 00793nam a2200229 a 4500 | ||
|---|---|---|---|
| 001 | BRCA_4269 | ||
| 005 | 20190320204616.0 | ||
| 008 | 210610s1965----mx-a######---#000-0#spa-# | ||
| 041 | _aspa | ||
| 044 | _amx | ||
| 050 | 4 |
_aND1846 _b.M37 1965 |
|
| 100 | 1 |
_aMartínez Navarrete, Joaquín _911002 |
|
| 245 | 1 | 0 |
_aAcuarelas de la Catedral de México _cJoaquín Martínez Navarrete ; breve historia narrada como porólogo por Salvador Novo. |
| 260 |
_aMéxico _bCompanía General de Aceptaciones _c1965 |
||
| 300 |
_a1 v. (sin paginación) _bil. a color, 30 láminas _c58 cm. |
||
| 500 | _aColección Sonia Corcuera de Mancera | ||
| 500 | _aPor su formato NO se presta a domicilio | ||
| 610 | 2 | 4 |
_aCatedral de México _9679 |
| 700 | 1 |
_aNovo, Salvador _910738 |
|
| 902 | _aDSC | ||
| 942 |
_2lcc _cB |
||
| 999 |
_c3980 _d3980 |
||